| 000 -LEADER |
| fixed length control field |
00594nam a22001697a 4500 |
| 020 ## - INTERNATIONAL STANDARD BOOK NUMBER |
| ISBN |
9786214091089 |
| 082 ## - DEWEY DECIMAL CLASSIFICATION NUMBER |
| Classification number |
361 |
| Item number |
C8221 2018 |
| 100 ## - MAIN ENTRY--AUTHOR NAME |
| Personal name |
Coronacion, Dennis C., author. |
| 245 ## - TITLE STATEMENT |
| Title |
Convergence : a college textbook in contemporary world / Dennis C. Coronacion, PhD, Froilan C. Calilung, PhD. |
| 260 ## - PUBLICATION, DISTRIBUTION, ETC. (IMPRINT) |
| Place of publication |
Mandaluyong City : |
| Name of publisher |
Books Atbp. Publishing Corp., |
| Year of publication |
©2018. |
| 300 ## - PHYSICAL DESCRIPTION |
| Number of Pages |
x, 259 pages : |
| Other physical details |
illustrations ; 25 cm. |
| 500 ## - GENERAL NOTE |
| General note |
Includes bibliographical references. |
| 650 ## - SUBJECT ADDED ENTRY--TOPICAL TERM |
| Topical Term |
Globalization. |
| 650 ## - SUBJECT ADDED ENTRY--TOPICAL TERM |
| Topical Term |
World economics. |
| 700 ## - ADDED ENTRY--PERSONAL NAME |
| Personal name |
Calilung, Froilan C. |
| 942 ## - ADDED ENTRY ELEMENTS (KOHA) |
| Koha item type |
Books |